Piece by Piece / written and directed by Morgan Neville ; produced by Pharrell Williams, Mimi Valdés, Caitrin Rogers, Morgan Neville, Shani Saxon. (Record no. 20819)

000 -LEADER
fixed length control field 01082nam a22002777a 4500
008 - FIXED-LENGTH DATA ELEMENTS--GENERAL INFORMATION
fixed length control field 250527b xxu||||| |||| 00| 0 eng d
040 ## - CATALOGING SOURCE
Original cataloging agency Cagayan State University
Description conventions RDA
082 ## - DEWEY DECIMAL CLASSIFICATION NUMBER
Classification number 791.4372
Item number P613 2024
245 ## - TITLE STATEMENT
Title Piece by Piece / written and directed by Morgan Neville ; produced by Pharrell Williams, Mimi Valdés, Caitrin Rogers, Morgan Neville, Shani Saxon.
260 ## - PUBLICATION, DISTRIBUTION, ETC. (IMPRINT)
Place of publication, distribution, etc United States :
Name of publisher, distributor, etc Focus pictures ;
-- Universal pictures,
Date of publication, distribution, etc 2024.
300 ## - PHYSICAL DESCRIPTION
Extent 1 videofile (ca. 93 mins.) :
Other physical details sound, color.
520 ## - SUMMARY, ETC.
Summary, etc A vibrant journey through the life of Pharrell Williams, told through the lens of LEGO animation.
521 ## - TARGET AUDIENCE NOTE
Target audience note Rated PG for language, some suggestive material and thematic elements.
546 ## - LANGUAGE NOTE
Language note English.
650 ## - SUBJECT ADDED ENTRY--TOPICAL TERM
Topical term or geographic name as entry element Animation.
650 ## - SUBJECT ADDED ENTRY--TOPICAL TERM
Topical term or geographic name as entry element Biography.
650 ## - SUBJECT ADDED ENTRY--TOPICAL TERM
Topical term or geographic name as entry element Comedy.
650 ## - SUBJECT ADDED ENTRY--TOPICAL TERM
Topical term or geographic name as entry element Family.
650 ## - SUBJECT ADDED ENTRY--TOPICAL TERM
Topical term or geographic name as entry element Musical.
700 ## - ADDED ENTRY--PERSONAL NAME
Personal name Willliams, Pharrell, star.
700 ## - ADDED ENTRY--PERSONAL NAME
Personal name Stover, Chris, cinematographer.
700 ## - ADDED ENTRY--PERSONAL NAME
Personal name Zeldes, Jason, editor.
700 ## - ADDED ENTRY--PERSONAL NAME
Personal name Wickenden, Aaron, editor.
700 ## - ADDED ENTRY--PERSONAL NAME
Personal name Vazquez, Oscar, editor.
942 ## - ADDED ENTRY ELEMENTS (KOHA)
Source of classification or shelving scheme
Item type Audio-Visual Materials
Holdings
Source of acquisition Price effective from Permanent location Date last seen Not for loan Date acquired Source of classification or shelving scheme Koha item type Collection code Shelving location Damaged status Lost status Withdrawn status Current location Full call number
Donation2025-05-27Cagayan State University - Carig Library2025-05-27 2025-05-27 Audio-Visual MaterialsElectronic Media CenterElectronic Media Center   Cagayan State University - Carig Library791.4372 P613 2024

Cagayan State University University Library, Carig Campus
Tuguegarao City, Cagayan 3500 | www.csucarig.edu.ph

Powered by Koha